000 00486nam a22001697a 4500
005 20251108170023.0
008 250721s1980 xx 000 0 ara d
082 1 4 _aط/ق/جوز
100 1 _aمسعود، جوزفين
245 1 0 _aرنين الحناجر :
_bسيرة " معبد المغني " في قصة /
250 _aط3
264 1 _aبيروت :
_bبيت الحكمة،
_c1980.
300 _a85ص
650 1 7 _aأدب الأطفال
942 _2ddc
_cBK
999 _c37603
_d37603